000 00550nam a2200229Ia 4500
003 OSt
005 20221005114029.0
006 a|||||r|||| 00| 0
007 ta
008 221004b |||||||| |||| 00| 0 mal d
024 _a59027
037 _cTextual
040 _aCRL
_cCRL
_bmal
041 _2mal
_amal
082 _aY1:1.73, 32J7
100 _aSmith
245 0 _aAmerikan jeevithavum sanskaravum
260 _c1957
650 _aSOCIOLOGY
942 _hY1:1.73, 32J7
_cTEXL
_2cc
999 _c1030060
_d1030060